Statistics for Earthling - David Bowie

Click here to take the quiz!

General Stats

  • This quiz has been taken 3 times
  • The average score is 5 of 9

Answer Stats

Answer% Correct
Little Wonder
100%
I'm Afraid of Americans
67%
Telling Lies
67%
The Last Thing You Should Do
67%
Battle for Britain (the Letter)
33%
Dead Man Walking
33%
Law (Earthlings on Fire)
33%
Looking for Satellites
33%
Seven Years in Tibet
33%

Score Distribution

Percentile by Number Answered

Percent of People with Each Score

Your Score History

You have not taken this quiz